00321nam a2200109Ia 4500008004100000041000800041100002100049245006500070260003300135300000800168700003500176250110s9999 xx 000 0 und d aeng aChaskar Sonali S aSustainable Landscape Development Of Group Housing In Nashik bM Arch Landscape, Punec2012 a75p aGuide Name:Sahstrabuddhe Swati